Song Titles: Fill In The Missing Word - Musical Genres (1960's) - Statistics

General Stats
  • This quiz has been taken 24 times
  • The average score is 10 of 20
Answer Stats
Artist Song Title % Correct
Animals {House} Of The Rising Sun
100%
Brian Hyland Itsy Bitsy Teenie Weenie Yellow {Polka} Dot Bikini
100%
Anthony Newley {Pop} Goes The Weasel
100%
Bob Dylan Subterranean Homesick {Blues}
74%
Four Seasons {Rag} Doll
63%
Engelbert Humperdinck The Last {Waltz}
63%
Equals Rub a {Dub} {Dub}
58%
Simon and Garfunkel I Am A {Rock}
53%
Jan and Dean {Surf} City
53%
1964 European hit single Beatles {Rock} {and} {Roll} Music
47%
Mason Williams {Classical} Gas
42%
Dandy Livingstone {Reggae} In Your Jeggae
42%
Canned Heat Going Up The {Country}
26%
1967 Album track Doors {Soul} Kitchen
26%
1967 Album track Captain Beefheart Dropout {Boogie}
21%
Roger Miller England {Swing}s
21%
Tommy Roe The {Folk} Singer
21%
Ethiopians Train To {Ska}ville
21%
1962 UK hit single Shadows Guitar {Tango}
16%
1963 hit single Elvis Presley {Bossa} {Nova} Baby
5%
No matching quizzes found
Score Distribution
Percent of People with Each Score
Percentile by Number Answered
Your Score History
You have not taken this quiz